[Event "XXVIII Open Internacional Ciud"]
[Site "Salon Miramar (Hotel Costa Va"]
[Date "2005.03.19"]
[Round "1.1"]
[White "Lazkano Gaite, Tomas"]
[Black "Spraggett, Kevin"]
[Result "0-1"]
[WhiteElo "1757"]
[BlackElo "2589"]
[PlyCount "64"]
[EventDate "2005.03.19"]

1. e4 c5 2. Nf3 e6 3. d4 cxd4 4. Nxd4 a6 5. c4 Nf6 6. Nc3 Qc7 7. Be2 Bb4 8. Qc2
Bxc3+ 9. bxc3 d6 10. h3 Nbd7 11. Nb3 b6 12. Be3 Bb7 13. f3 O-O 14. O-O Rac8 15.
a4 d5 16. exd5 exd5 17. Nd4 Rfe8 18. Bf2 dxc4 19. Kh1 Qf4 20. Qc1 Nd5 21. Re1
Qf6 22. Qd2 Ne5 23. Bg3 Ng6 24. Bxc4 Rxe1+ 25. Rxe1 Rxc4 26. Re8+ Nf8 27. Qd3
Rxc3 28. Qf5 Qxf5 29. Nxf5 Rc8 30. Re5 Rd8 31. Bh4 f6 32. Re4 Ng6 0-1

[Event "XXVIII Open Internacional Ciud"]
[Site "Salon Miramar (Hotel Costa Va"]
[Date "2005.03.20"]
[Round "2.1"]
[White "Spraggett, Kevin"]
[Black "Gastanares Lopez, Javier"]
[Result "1-0"]
[WhiteElo "2589"]
[BlackElo "2158"]
[PlyCount "49"]
[EventDate "2005.03.19"]

1. e4 Nc6 2. Nf3 d6 3. d4 Bg4 4. d5 Nb8 5. c4 Nd7 6. Nc3 e5 7. dxe6 Bxe6 8. Be2
Ngf6 9. O-O Be7 10. Nd4 O-O 11. Qc2 a5 12. Bf4 Nc5 13. Rad1 Ne8 14. e5 Bg5 15.
Bg3 Bh4 16. exd6 Bxg3 17. hxg3 Qxd6 18. Rfe1 Qb6 19. Nxe6 Qxe6 20. Nd5 c6 21.
Bf3 Qh6 22. Ne7+ Kh8 23. Re5 Qf6 24. Nxc6 Ne6 25. Rf5 1-0

[Event "XXVIII Open Internacional Ciud"]
[Site "Salon Miramar (Hotel Costa Va"]
[Date "2005.03.20"]
[Round "2.2"]
[White "Pineira Alvarez, Jose Luis"]
[Black "Peralta, Fernando"]
[Result "0-1"]
[WhiteElo "2133"]
[BlackElo "2538"]
[PlyCount "86"]
[EventDate "2005.03.19"]

1. d4 f5 2. c4 e6 3. Nc3 Nf6 4. g3 d5 5. Bg2 c6 6. Qd3 Bd6 7. Nh3 O-O 8. Bf4
Be7 9. Rd1 Nh5 10. Bc1 Bd6 11. Nf4 Nxf4 12. Bxf4 Bxf4 13. gxf4 Nd7 14. O-O Nf6
15. cxd5 exd5 16. f3 Qd6 17. e3 Bd7 18. Ne2 Rae8 19. Ng3 Re7 20. e4 fxe4 21.
fxe4 dxe4 22. Nxe4 Nxe4 23. Bxe4 g6 24. Qc4+ Kg7 25. d5 c5 26. Bg2 b6 27. Rde1
Rxe1 28. Qc3+ Kg8 29. Qxe1 Rxf4 30. Rxf4 Qxf4 31. Qc3 Kf7 32. h3 Qd4+ 33. Qxd4
cxd4 34. Kf2 Kf6 35. Ke2 Ke5 36. b3 g5 37. Kd3 Bb5+ 38. Kd2 a5 39. a3 h5 40.
Kc2 h4 41. Kd2 Ba6 42. Kc2 Kd6 43. b4 Bc4 0-1

[Event "XXVIII Open Internacional Ciud"]
[Site "Salon Miramar (Hotel Costa Va"]
[Date "2005.03.20"]
[Round "2.3"]
[White "Mascarell Canet, Redo"]
[Black "Paunovic, Dragan"]
[Result "0-1"]
[WhiteElo "2122"]
[BlackElo "2518"]
[PlyCount "104"]
[EventDate "2005.03.19"]

1. e4 c5 2. Nf3 a6 3. d4 cxd4 4. Nxd4 Nf6 5. Nc3 e5 6. Nb3 Bb4 7. Bd3 O-O 8.
O-O Bxc3 9. bxc3 d5 10. exd5 e4 11. Be2 Nxd5 12. c4 Nc3 13. Qe1 Nxe2+ 14. Qxe2
Re8 15. Bf4 Nc6 16. Rad1 Qf6 17. Bg3 Bf5 18. Rd6 Qb2 19. Qd2 Rac8 20. h3 Qxa2
21. Re1 Qa4 22. c5 Qb4 23. Qe3 a5 24. Rd5 Be6 25. Rd2 a4 26. Nd4 Qxc5 27. Nxc6
Qxc6 28. Rb1 b5 29. Rb4 Bc4 30. Rb1 Qc5 31. Bd6 Qxe3 32. fxe3 Red8 33. Rbd1 f6
34. h4 h5 35. Kf2 Kf7 36. Bb4 Rxd2+ 37. Rxd2 Ke6 38. Rd4 Kf5 39. g3 Be6 40. Rd2
g5 41. c3 Rg8 42. Rd6 gxh4 43. gxh4 Bc4 44. Rc6 Rg6 45. Be7 Kg4 46. Ra6 Kh3 47.
Rc6 Rg2+ 48. Ke1 Re2+ 49. Kd1 Rxe3 50. Bxf6 a3 51. Ra6 a2 52. Ra3 Rf3 0-1

[Event "XXVIII Open Internacional Ciud"]
[Site "Salon Miramar (Hotel Costa Va"]
[Date "2005.03.20"]
[Round "2.4"]
[White "Gomez Esteban, Juan Mario"]
[Black "Bareyre, Patrick"]
[Result "1-0"]
[WhiteElo "2474"]
[BlackElo "2147"]
[PlyCount "47"]
[EventDate "2005.03.19"]

1. d4 e6 2. e4 d5 3. Nd2 Nf6 4. e5 Nfd7 5. f4 c5 6. c3 Nc6 7. Ndf3 cxd4 8. cxd4
Bb4+ 9. Bd2 Qb6 10. Bxb4 Qxb4+ 11. Qd2 Qb6 12. Rc1 O-O 13. Bd3 f6 14. Ne2 fxe5
15. fxe5 Rxf3 16. gxf3 Ndxe5 17. dxe5 Nxe5 18. Rf1 Qxb2 19. f4 Nxd3+ 20. Qxd3
Qxa2 21. Qb5 Kf7 22. Rc7+ Kf6 23. Qc5 Qb1+ 24. Kf2 1-0

[Event "XXVIII Open Internacional Ciud"]
[Site "Salon Miramar (Hotel Costa Va"]
[Date "2005.03.20"]
[Round "2.5"]
[White "Ladron De Guevara, Fco Javier"]
[Black "Pogorelov, Ruslan"]
[Result "0-1"]
[WhiteElo "2104"]
[BlackElo "2472"]
[PlyCount "54"]
[EventDate "2005.03.19"]

1. d4 Nf6 2. c4 e6 3. Nf3 b6 4. g3 Ba6 5. Qb3 Bb7 6. Bg2 c5 7. O-O Na6 8. Rd1
cxd4 9. Nxd4 Nc5 10. Qc2 Bxg2 11. Kxg2 Qc7 12. f3 a5 13. e4 d6 14. Be3 Be7 15.
Nc3 Rc8 16. Rac1 Qb7 17. Qf2 O-O 18. b3 Rfe8 19. Nde2 b5 20. b4 Ncxe4 21. fxe4
Rxc4 22. a3 Ng4 23. Qf3 Ne5 24. Qf2 Rxe4 25. Nxe4 Qxe4+ 26. Kf1 Ng4 27. Rd4
Nxf2 0-1

[Event "XXVIII Open Internacional Ciud"]
[Site "Salon Miramar (Hotel Costa Va"]
[Date "2005.03.20"]
[Round "2.6"]
[White "Neelotpal, Das"]
[Black "Tung, Kai Ming"]
[Result "1-0"]
[WhiteElo "2468"]
[BlackElo "2125"]
[PlyCount "73"]
[EventDate "2005.03.19"]

1. e4 e6 2. Qe2 c5 3. Nf3 Nc6 4. d3 Qc7 5. g3 Nf6 6. Bg2 Be7 7. O-O O-O 8. Re1
d6 9. c3 e5 10. Na3 a6 11. Nc4 Be6 12. Ne3 b5 13. Nh4 Rfe8 14. Nd5 Bxd5 15.
exd5 Nb8 16. Nf5 Nbd7 17. g4 Nb6 18. c4 Bf8 19. g5 Nfd7 20. Ng3 Rab8 21. Ne4
Qd8 22. b3 Be7 23. h4 Nf8 24. h5 Nbd7 25. Bh3 a5 26. Kh1 bxc4 27. bxc4 g6 28.
Rg1 Kh8 29. Be3 Rb4 30. Qf3 f5 31. gxf6 Nxf6 32. Ng5 Qb8 33. hxg6 Nxg6 34. Nf7+
Kg7 35. Bh6+ Kg8 36. Be6 Rf8 37. Qf5 1-0

[Event "XXVIII Open Internacional Ciud"]
[Site "Salon Miramar (Hotel Costa Va"]
[Date "2005.03.20"]
[Round "2.7"]
[White "Neira Garcia, Manuel"]
[Black "Flear, Glenn C"]
[Result "0-1"]
[WhiteElo "2085"]
[BlackElo "2462"]
[PlyCount "20"]
[EventDate "2005.03.19"]

1. e4 e5 2. d4 exd4 3. Qxd4 Nc6 4. Qe3 Nf6 5. Nf3 Bb4+ 6. c3 Ba5 7. Bc4 O-O 8.
O-O Re8 9. e5 d6 10. Bb5 Ng4 0-1

[Event "XXVIII Open Internacional Ciud"]
[Site "Salon Miramar (Hotel Costa Va"]
[Date "2005.03.20"]
[Round "2.8"]
[White "Alonso, Salvador"]
[Black "Angulo Martinez, Jon"]
[Result "1/2-1/2"]
[WhiteElo "2459"]
[BlackElo "2117"]
[PlyCount "42"]
[EventDate "2005.03.19"]

1. e4 e5 2. Nf3 Nf6 3. Nxe5 d6 4. Nf3 Nxe4 5. d4 d5 6. Bd3 Nc6 7. O-O Be7 8. c4
Nb4 9. Be2 O-O 10. Nc3 Bf5 11. a3 Nxc3 12. bxc3 Nc6 13. Re1 Re8 14. cxd5 Qxd5
15. Be3 a6 16. c4 Qe4 17. Ra2 Bf6 18. h3 Rad8 19. Rd2 Qe7 20. d5 Na5 21. c5 Bc3
1/2-1/2

[Event "XXVIII Open Internacional Ciud"]
[Site "Salon Miramar (Hotel Costa Va"]
[Date "2005.03.20"]
[Round "2.9"]
[White "Tung, Siu Hung"]
[Black "Prie, Eric"]
[Result "0-1"]
[WhiteElo "2072"]
[BlackElo "2439"]
[PlyCount "68"]
[EventDate "2005.03.19"]

1. d4 d5 2. c4 c6 3. Nf3 Nf6 4. e3 Bg4 5. Nbd2 Nbd7 6. Qc2 e6 7. Bd3 Bd6 8. O-O
O-O 9. b3 e5 10. e4 dxe4 11. Bxe4 Bxf3 12. Nxf3 exd4 13. Nxd4 Nxe4 14. Qxe4 Re8
15. Qc2 Bxh2+ 16. Kxh2 Qh4+ 17. Kg1 Qxd4 18. Bb2 Qg4 19. Rad1 Re2 20. Rd2 Ne5
21. Bxe5 Rxe5 22. Qd3 Rae8 23. Qd7 Qh4 24. Rd3 R5e7 25. Qf5 g6 26. Qc5 Re1 27.
Rh3 Rxf1+ 28. Kxf1 Qf4 29. g3 Qf3 30. Qg5 h5 31. Rh4 Re2 32. Qd8+ Kh7 33. Qd4
Rxa2 34. Kg1 Re2 0-1

[Event "XXVIII Open Internacional Ciud"]
[Site "Salon Miramar (Hotel Costa Va"]
[Date "2005.03.20"]
[Round "2.10"]
[White "Andres Gonzalez, Alberto"]
[Black "Manso Marquez, Felix"]
[Result "0-1"]
[WhiteElo "2430"]
[BlackElo "2091"]
[PlyCount "90"]
[EventDate "2005.03.19"]

1. d4 Nf6 2. Nf3 e6 3. g3 d5 4. Bg2 Be7 5. O-O O-O 6. c4 Bd7 7. cxd5 exd5 8.
Nc3 c6 9. Qc2 Bg4 10. Ne5 Bh5 11. f4 Nfd7 12. h3 f6 13. Nd3 Kh8 14. g4 Bf7 15.
f5 Re8 16. Bf4 Nf8 17. Rad1 Bd6 18. e4 Bxf4 19. Nxf4 dxe4 20. Nxe4 Na6 21. a3
Qb6 22. b4 Rad8 23. Kh1 Nc7 24. g5 Nd5 25. gxf6 Nxf6 26. Ng5 Bg8 27. Qf2 Rd7
28. Qh4 Bc4 29. Rf2 Qb5 30. Nh5 Be2 31. Nxf6 gxf6 32. Rg1 fxg5 33. Qxg5 Ne6 34.
Qh4 Ng7 35. f6 Nf5 36. f7 Rxf7 37. Qg5 Rg8 38. Qxg8+ Kxg8 39. Bxc6+ Ng7 40.
Bxb5 Rxf2 41. Rg5 Bxb5 42. Rxb5 b6 43. a4 Rf5 44. d5 Ne8 45. d6 Nxd6 0-1

[Event "XXVIII Open Internacional Ciud"]
[Site "Salon Miramar (Hotel Costa Va"]
[Date "2005.03.20"]
[Round "2.11"]
[White "Alvarado Fernandez, Mikel"]
[Black "Vehi Bach, Victor M"]
[Result "0-1"]
[WhiteElo "2066"]
[BlackElo "2423"]
[PlyCount "82"]
[EventDate "2005.03.19"]

1. e4 c5 2. c3 Nf6 3. e5 Nd5 4. d4 cxd4 5. Nf3 e6 6. cxd4 d6 7. Nc3 Nxc3 8.
bxc3 Qc7 9. Bd2 Nd7 10. Bd3 dxe5 11. O-O Be7 12. Re1 exd4 13. cxd4 Nf6 14. Rc1
Qd8 15. Qa4+ Bd7 16. Bb5 O-O 17. Bg5 Bxb5 18. Qxb5 Rb8 19. Rcd1 a6 20. Qb3 Nd5
21. Bxe7 Nxe7 22. Ng5 Qd5 23. Qc3 Ng6 24. h4 Ne7 25. Qd3 Qf5 26. Re4 h6 27. g4
Qb5 28. Qxb5 axb5 29. Nf3 Nd5 30. Rd3 Ra8 31. a3 Rfc8 32. g5 Rc3 33. Ree3 Raxa3
34. Rxc3 Nxc3 35. Ne1 b4 36. Nc2 Rb3 37. g6 Rb1+ 38. Kg2 Nd5 39. gxf7+ Kxf7 40.
Re5 b3 41. Ne3 b2 0-1

[Event "XXVIII Open Internacional Ciud"]
[Site "Salon Miramar (Hotel Costa Va"]
[Date "2005.03.20"]
[Round "2.12"]
[White "Dobrev, Nanko"]
[Black "Hargues, Franck"]
[Result "1-0"]
[WhiteElo "2399"]
[BlackElo "2079"]
[PlyCount "93"]
[EventDate "2005.03.19"]

1. d4 Nf6 2. Nf3 c5 3. d5 b5 4. c4 g6 5. cxb5 a6 6. bxa6 Bxa6 7. Nc3 d6 8. e4
Bxf1 9. Kxf1 Bg7 10. g3 O-O 11. Kg2 Nbd7 12. Re1 Ra7 13. Nb5 Rb7 14. a4 Ne8 15.
Qc2 Nc7 16. Na3 Qa8 17. Ra2 Rfb8 18. b3 Rxb3 19. Nb5 Nxb5 20. axb5 Rc3 21. Rxa8
Rxc2 22. Ra7 Ne5 23. Nxe5 Bxe5 24. Rxe7 Bd4 25. Bf4 Bxf2 26. Rc1 Rxc1 27. Bxc1
Bd4 28. Bf4 Be5 29. Bxe5 dxe5 30. d6 Kf8 31. Rc7 Ke8 32. Rxc5 Kd7 33. Rxe5 Kxd6
34. Rd5+ Ke6 35. Kf3 f5 36. Kf4 fxe4 37. Kxe4 Ra8 38. Rd4 Ra2 39. Rb4 Kd7 40.
b6 Kc8 41. b7+ Kb8 42. h4 Rf2 43. Ke5 Rf7 44. g4 Rc7 45. Kf6 Rd7 46. g5 Rc7 47.
Ke6 1-0

[Event "XXVIII Open Internacional Ciud"]
[Site "Salon Miramar (Hotel Costa Va"]
[Date "2005.03.20"]
[Round "2.14"]
[White "Jakobsen, Ole"]
[Black "Torres, Patrice"]
[Result "1-0"]
[WhiteElo "2387"]
[BlackElo "2068"]
[PlyCount "67"]
[EventDate "2005.03.19"]

1. d4 d5 2. Nf3 Nf6 3. c4 c6 4. Qc2 e6 5. g3 Bb4+ 6. Nbd2 Ne4 7. Bg2 Nd7 8. O-O
f5 9. a3 Bd6 10. b4 O-O 11. Bb2 Qe8 12. c5 Bc7 13. Ne5 Nxd2 14. Qxd2 Nxe5 15.
dxe5 Bd7 16. Bc3 Qe7 17. f4 a5 18. e3 a4 19. Bd4 Qd8 20. Rab1 Qb8 21. Rfc1 Qa7
22. Bf1 Rfb8 23. Bd3 b5 24. cxb6 Bxb6 25. Bxb6 Qxb6 26. Rc5 Ra7 27. Rbc1 Rba8
28. Kf2 Rb8 29. Qc3 Qd8 30. Qd4 Qb6 31. R1c3 Kf8 32. Bc2 Kg8 33. Bd1 Qa6 34.
Ra5 1-0

[Event "XXVIII Open Internacional Ciud"]
[Site "Salon Miramar (Hotel Costa Va"]
[Date "2005.03.20"]
[Round "2.15"]
[White "Martin Alvarez, Inigo"]
[Black "Gonzalez De La Torre, Sant"]
[Result "1/2-1/2"]
[WhiteElo "2049"]
[BlackElo "2384"]
[PlyCount "39"]
[EventDate "2005.03.19"]

1. e4 c5 2. Nc3 Nc6 3. g3 g6 4. Bg2 Bg7 5. f4 d6 6. d3 e5 7. Nh3 Nge7 8. O-O
O-O 9. f5 gxf5 10. exf5 Bxf5 11. Rxf5 Nxf5 12. Be4 Ncd4 13. Qh5 Qf6 14. Nd5 Qg6
15. Qd1 Rac8 16. c3 Ne6 17. g4 Bh6 18. Bxf5 Qg7 19. Qf3 Kh8 20. Kh1 1/2-1/2

[Event "XXVIII Open Internacional Ciud"]
[Site "Salon Miramar (Hotel Costa Va"]
[Date "2005.03.20"]
[Round "3.1"]
[White "Pomes Marcet, Juan"]
[Black "Spraggett, Kevin"]
[Result "0-1"]
[WhiteElo "2374"]
[BlackElo "2589"]
[PlyCount "80"]
[EventDate "2005.03.19"]

1. d4 Nf6 2. c4 e6 3. Nc3 Bb4 4. e3 O-O 5. Nge2 d5 6. a3 Be7 7. Ng3 a5 8. c5 b6
9. cxb6 c5 10. Na4 Nfd7 11. dxc5 Nxc5 12. Bd2 Nxa4 13. Qxa4 Qxb6 14. Bc3 Nd7
15. Be2 Bf6 16. O-O Bxc3 17. bxc3 Nf6 18. Qd4 Qc7 19. c4 Rd8 20. cxd5 Rxd5 21.
Qh4 Rc5 22. Rab1 Bb7 23. Qd4 Rc8 24. Rfd1 h6 25. Qd6 g6 26. h3 Kg7 27. Rxb7
Qxb7 28. Ba6 Qb2 29. Bxc8 Rxc8 30. Rd2 Rc1+ 31. Kh2 Qa1 32. Qd4 h5 33. Ne4 Rh1+
34. Kg3 e5 35. Qa4 Qe1 36. Rc2 h4+ 37. Kxh4 Rf1 38. Nxf6 Rxf2 39. Ne8+ Kh6 40.
g4 g5+ 0-1

[Event "XXVIII Open Internacional Ciud"]
[Site "Salon Miramar (Hotel Costa Va"]
[Date "2005.03.20"]
[Round "3.2"]
[White "Peralta, Fernando"]
[Black "Jakobsen, Ole"]
[Result "1-0"]
[WhiteElo "2538"]
[BlackElo "2387"]
[PlyCount "105"]
[EventDate "2005.03.19"]

1. d4 d6 2. Nf3 g6 3. c4 Bg7 4. e4 Bg4 5. Be2 Nc6 6. Be3 e5 7. d5 Bxf3 8. Bxf3
Nd4 9. Bxd4 exd4 10. O-O Ne7 11. Nd2 c5 12. Be2 O-O 13. Bd3 f5 14. exf5 Nxf5
15. Qg4 Qb6 16. Nf3 Rae8 17. b3 Qd8 18. h4 Nh6 19. Qh3 Nf7 20. Rae1 Be5 21. g3
Qc8 22. Qxc8 Rxc8 23. Nd2 Rfe8 24. Ne4 Rcd8 25. Kg2 Bg7 26. f4 Nh6 27. Kf3 Nf5
28. h5 Ne3 29. Rh1 gxh5 30. Ng5 h6 31. Ne6 Rb8 32. Rxh5 Kf7 33. Reh1 Rh8 34. a4
a6 35. g4 b6 36. g5 hxg5 37. Nxg5+ Ke7 38. Ne6 Rxh5 39. Rxh5 Kf7 40. Ng5+ Ke7
41. Rh7 Rf8 42. Ne4 Kd8 43. Nxd6 Rg8 44. Nf7+ Kc8 45. Nh6 Bxh6 46. Rxh6 Rg1 47.
Rh8+ Kc7 48. Rh7+ Kd8 49. d6 Re1 50. Be4 Rf1+ 51. Ke2 Rxf4 52. Bc6 Rf8 53. Ra7
1-0

[Event "XXVIII Open Internacional Ciud"]
[Site "Salon Miramar (Hotel Costa Va"]
[Date "2005.03.20"]
[Round "3.5"]
[White "Pogorelov, Ruslan"]
[Black "Argandona Rivero, Inigo"]
[Result "1-0"]
[WhiteElo "2472"]
[BlackElo "2359"]
[PlyCount "62"]
[EventDate "2005.03.19"]

1. Nf3 d6 2. d4 Bg4 3. c4 Bxf3 4. exf3 Nd7 5. Nc3 g6 6. Be3 Bg7 7. Qd2 Ngf6 8.
g4 c5 9. d5 Qa5 10. h4 Nb6 11. Nb5 Qxd2+ 12. Kxd2 O-O 13. a4 a5 14. Kc2 Nbd7
15. h5 Rad8 16. Be2 Nb8 17. hxg6 hxg6 18. g5 Ne8 19. f4 Na6 20. Bg4 f5 21. gxf6
Rxf6 22. Be6+ Kf8 23. f5 gxf5 24. Bg5 Rxe6 25. dxe6 Nac7 26. Rae1 d5 27. Nxc7
Nxc7 28. Rh7 Kg8 29. Rh5 dxc4 30. Rg1 Rd6 31. Bh6 Nxe6 1-0

[Event "XXVIII Open Internacional Ciud"]
[Site "Salon Miramar (Hotel Costa Va"]
[Date "2005.03.20"]
[Round "3.6"]
[White "Van Hoolandt, Patrick"]
[Black "Neelotpal, Das"]
[Result "1/2-1/2"]
[WhiteElo "2238"]
[BlackElo "2468"]
[PlyCount "50"]
[EventDate "2005.03.19"]

1. Nf3 Nf6 2. d4 e6 3. c4 c5 4. g3 cxd4 5. Nxd4 d5 6. Bg2 e5 7. Nf3 d4 8. O-O
Nc6 9. e3 Be7 10. exd4 exd4 11. a3 a5 12. b3 O-O 13. Bb2 Bc5 14. b4 axb4 15.
axb4 Rxa1 16. Bxa1 Bxb4 17. Nxd4 Bg4 18. Nxc6 Qxd1 19. Rxd1 bxc6 20. Rc1 Rc8
21. Nc3 h6 22. h3 Bf5 23. Ne2 c5 24. Bxf6 gxf6 25. g4 Be6 1/2-1/2

[Event "XXVIII Open Internacional Ciud"]
[Site "Salon Miramar (Hotel Costa Va"]
[Date "2005.03.20"]
[Round "3.7"]
[White "Flear, Glenn C"]
[Black "Hernandez, Elvis"]
[Result "1-0"]
[WhiteElo "2462"]
[BlackElo "2313"]
[PlyCount "73"]
[EventDate "2005.03.19"]

1. d4 d5 2. c4 dxc4 3. e4 e5 4. Nf3 exd4 5. Bxc4 Nc6 6. O-O Bc5 7. Ng5 Nh6 8.
Nxf7 Nxf7 9. Bxf7+ Kxf7 10. Qh5+ g6 11. Qxc5 Qe7 12. Qxe7+ Nxe7 13. Nd2 Rd8 14.
Nf3 c5 15. Bg5 Be6 16. Ne5+ Ke8 17. f4 Rdc8 18. f5 gxf5 19. exf5 Nxf5 20. Rae1
Ne3 21. Bxe3 dxe3 22. Rxe3 Ke7 23. Nd3 a5 24. Rf5 c4 25. Nc5 Rc6 26. Rfe5 Rxc5
27. Rxc5 Kd7 28. Rh5 Bg8 29. a4 b6 30. Rh6 Rb8 31. Rg3 Ke7 32. Rg7+ Kf8 33. Rc7
b5 34. axb5 Rxb5 35. Ra6 Bd5 36. Raa7 Rb8 37. Rxa5 1-0

[Event "XXVIII Open Internacional Ciud"]
[Site "Salon Miramar (Hotel Costa Va"]
[Date "2005.03.20"]
[Round "3.8"]
[White "Prie, Eric"]
[Black "Acosta Garcia, Alfonso Carlos"]
[Result "1-0"]
[WhiteElo "2439"]
[BlackElo "2256"]
[PlyCount "35"]
[EventDate "2005.03.19"]

1. d4 d5 2. a3 c6 3. Nf3 Nf6 4. Bf4 Bf5 5. e3 e6 6. c4 Bd6 7. Qb3 Bxf4 8. Qxb7
Qc7 9. Qxa8 O-O 10. exf4 Bxb1 11. Rxb1 dxc4 12. Nd2 Nd5 13. Nxc4 Nd7 14. Qxf8+
Kxf8 15. g3 c5 16. dxc5 Nxc5 17. Be2 Nb6 18. Nxb6 1-0

[Event "XXVIII Open Internacional Ciud"]
[Site "Salon Miramar (Hotel Costa Va"]
[Date "2005.03.20"]
[Round "3.9"]
[White "Vehi Bach, Victor M"]
[Black "Galzagorri Uli, Yeray"]
[Result "1/2-1/2"]
[WhiteElo "2423"]
[BlackElo "2199"]
[PlyCount "42"]
[EventDate "2005.03.19"]

1. e4 c5 2. Nf3 e6 3. d4 cxd4 4. Nxd4 a6 5. Bd3 Bc5 6. Nb3 Be7 7. Qg4 g6 8. Qe2
d6 9. O-O Nd7 10. Na3 Qc7 11. Nc4 b6 12. a4 Bb7 13. Bd2 Ngf6 14. Bh6 Bf8 15.
Bxf8 Kxf8 16. f4 Nxe4 17. Bxe4 d5 18. Bf3 dxc4 19. Bxb7 Qxb7 20. Qxc4 Kg7 21.
Rad1 Nf6 1/2-1/2

[Event "XXVIII Open Internacional Ciud"]
[Site "Salon Miramar (Hotel Costa Va"]
[Date "2005.03.20"]
[Round "3.10"]
[White "Manso Marquez, Felix"]
[Black "Dobrev, Nanko"]
[Result "1/2-1/2"]
[WhiteElo "2091"]
[BlackElo "2399"]
[PlyCount "23"]
[EventDate "2005.03.19"]

1. d4 Nf6 2. c4 e6 3. Nc3 Bb4 4. e3 O-O 5. Bd3 d5 6. a3 Be7 7. Nf3 b6 8. O-O
Bb7 9. b3 c5 10. Bb2 Nbd7 11. Qe2 Ne4 12. Rfd1 1/2-1/2

[Event "XXVIII Open Internacional Ciud"]
[Site "Salon Miramar (Hotel Costa Va"]
[Date "2005.03.20"]
[Round "3.11"]
[White "Alonso Arburu, Jose Maria"]
[Black "Cifuentes Parada, Roberto"]
[Result "0-1"]
[WhiteElo "2154"]
[BlackElo "2521"]
[PlyCount "93"]
[EventDate "2005.03.19"]

1. e4 c5 2. Nf3 e6 3. c3 d5 4. exd5 Qxd5 5. d4 Nf6 6. Be2 cxd4 7. Qxd4 Nc6 8.
Qxd5 Nxd5 9. Nbd2 Be7 10. Nc4 f6 11. Ne3 Nb6 12. O-O Kf7 13. Rd1 e5 14. Nc4
Nxc4 15. Bxc4+ Be6 16. Bxe6+ Kxe6 17. Be3 g5 18. g4 h5 19. h3 Rh6 20. b4 hxg4
21. hxg4 Rah8 22. Kf1 b6 23. Ke2 Rc8 24. a4 Nb8 25. Rdc1 Nd7 26. a5 Rc4 27.
axb6 axb6 28. Ra6 Bd8 29. Nd2 Rxg4 30. c4 Nb8 31. Ra8 Nc6 32. b5 Nd4+ 33. Kd3
Be7 34. Rb8 Bc5 35. Ne4 Rxe4 36. Kxe4 f5+ 37. Kd3 Rh3 38. Rg1 f4 39. Rxg5 fxe3
40. fxe3 Nf5 41. Rg6+ Kf7 42. Rbxb6 Rxe3+ 43. Kd2 Bxb6 44. Rxb6 Rb3 45. Ra6 Nd4
46. b6 e4 47. Ra1 0-1

[Event "XXVIII Open Internacional Ciud"]
[Site "Salon Miramar (Hotel Costa Va"]
[Date "2005.03.20"]
[Round "3.12"]
[White "Virto Alustiza, Aingeru"]
[Black "Alonso, Salvador"]
[Result "0-1"]
[WhiteElo "1953"]
[BlackElo "2459"]
[PlyCount "58"]
[EventDate "2005.03.19"]

1. e4 c5 2. Nf3 Nc6 3. d4 cxd4 4. Nxd4 g6 5. c4 Nf6 6. Nc3 d6 7. Be2 Bg7 8. Be3
O-O 9. Qd2 Bd7 10. f3 Nxd4 11. Bxd4 Bc6 12. O-O a5 13. Nd5 Nd7 14. a3 Bxd4+ 15.
Qxd4 e5 16. Qe3 Bxd5 17. cxd5 a4 18. Rfc1 Nc5 19. Rc4 Nb3 20. Rd1 Qa5 21. Rd3
Rac8 22. Rdc3 Rxc4 23. Bxc4 Nc5 24. Rc2 b5 25. Bf1 b4 26. Qd2 Qa7 27. Qe3 bxa3
28. bxa3 Rb8 29. Bc4 Nd3 0-1

[Event "XXVIII Open Internacional Ciud"]
[Site "Salon Miramar (Hotel Costa Va"]
[Date "2005.03.20"]
[Round "3.13"]
[White "Guerra Bastida, Diego"]
[Black "Martin Alvarez, Inigo"]
[Result "1-0"]
[WhiteElo "2390"]
[BlackElo "2049"]
[PlyCount "89"]
[EventDate "2005.03.19"]

1. e4 d5 2. exd5 Nf6 3. d4 Bg4 4. Nf3 Qxd5 5. Be2 Nc6 6. h3 Bh5 7. c4 Qd7 8. g4
Bg6 9. d5 Nb8 10. Nc3 Ne4 11. Ne5 Qd6 12. Qa4+ Nd7 13. Bf4 Nec5 14. Nxg6 hxg6
15. Bxd6 Nxa4 16. Bxc7 Nxc3 17. bxc3 Rc8 18. Bg3 g5 19. Bd3 g6 20. Kd2 Bg7 21.
Rae1 Kd8 22. Rb1 Nc5 23. f4 gxf4 24. Bxf4 Bh6 25. g5 Bg7 26. Be3 b6 27. Bd4
Bxd4 28. cxd4 Nxd3 29. Kxd3 Kd7 30. Rbf1 Rcf8 31. h4 Kd6 32. Rf4 Rh7 33. a4
Rfh8 34. Kc3 Rh5 35. Rxf7 Rxg5 36. Rh3 Rg4 37. Re3 Re8 38. a5 bxa5 39. Re6+ Kd7
40. c5 Rg3+ 41. Kc4 a4 42. Ra6 Ra8 43. d6 Re3 44. Kd5 Re8 45. Rxa7+ 1-0

[Event "XXVIII Open Internacional Ciud"]
[Site "Salon Miramar (Hotel Costa Va"]
[Date "2005.03.20"]
[Round "3.14"]
[White "Gonzalez De La Torre, Sant"]
[Black "Alcaide Luque, Aitor"]
[Result "1-0"]
[WhiteElo "2384"]
[BlackElo "2058"]
[PlyCount "75"]
[EventDate "2005.03.19"]

1. e4 e6 2. d3 d5 3. Nd2 Nf6 4. Ngf3 b6 5. c3 Be7 6. Qa4+ c6 7. e5 Nfd7 8. d4
Bb7 9. Bd3 Qc8 10. Qc2 h6 11. O-O Ba6 12. c4 O-O 13. b3 Bb7 14. Re1 a5 15. Qd1
Rd8 16. cxd5 cxd5 17. Bb2 Ba6 18. Rc1 Qb7 19. Bb1 Nf8 20. Rc3 Nc6 21. Rce3 a4
22. h4 Rac8 23. h5 Rc7 24. Nh2 Rdc8 25. Ng4 Bg5 26. Rg3 Nxd4 27. Bxd4 Rc1 28.
Qxc1 Rxc1 29. Rxc1 Bxd2 30. Rc2 Bg5 31. Rgc3 Bd8 32. bxa4 Nd7 33. Rb2 f5 34.
exf6 gxf6 35. Nxh6+ Kg7 36. Rg3+ Kf8 37. Rg8+ Ke7 38. Rg7+ 1-0

[Event "XXVIII Open Internacional Ciud"]
[Site "Salon Miramar (Hotel Costa Va"]
[Date "2005.03.20"]
[Round "3.15"]
[White "Huesmann, Thomas"]
[Black "Cuero Reid, Maximo Javier"]
[Result "1-0"]
[WhiteElo "2315"]
[BlackElo "2004"]
[PlyCount "65"]
[EventDate "2005.03.19"]

1. e4 c5 2. Nc3 a6 3. a4 b6 4. f4 Bb7 5. Nf3 e6 6. d4 d5 7. e5 cxd4 8. Nxd4 Bc5
9. Be3 Nh6 10. Nce2 Ng4 11. Bg1 Nc6 12. Nxc6 Bxc6 13. Nd4 Bxd4 14. Qxd4 O-O 15.
Qxb6 Qd7 16. b3 f6 17. Be2 Nh6 18. Bc5 Rfb8 19. Qa5 fxe5 20. fxe5 Nf7 21. Bd4
Ng5 22. O-O Qe8 23. Qe1 Ne4 24. Qh4 g5 25. Qh6 Rb7 26. Bh5 Qe7 27. Rf7 Qxf7 28.
Bxf7+ Rxf7 29. Qxe6 Bb7 30. Qb6 Re8 31. Bb2 Ba8 32. e6 Rfe7 33. Qd4 1-0

[Event "XXVIII Open Internacional Ciud"]
[Site "Salon Miramar (Hotel Costa Va"]
[Date "2005.03.21"]
[Round "4.1"]
[White "Spraggett, Kevin"]
[Black "Pogorelov, Ruslan"]
[Result "1-0"]
[WhiteElo "2589"]
[BlackElo "2472"]
[PlyCount "58"]
[EventDate "2005.03.19"]

1. e4 c5 2. Nf3 d6 3. d4 cxd4 4. Nxd4 Nf6 5. Nc3 Nc6 6. Bg5 e6 7. Qd2 a6 8.
O-O-O h6 9. Nxc6 bxc6 10. Bf4 d5 11. Qe3 Be7 12. Be2 O-O 13. h4 Nd7 14. Qg3 Kh8
15. Bc7 Qe8 16. Bd6 Nf6 17. Be5 Rg8 18. Qe3 Nh7 19. f4 f5 20. exf5 exf5 21. Na4
Bf6 22. Qc3 Bxe5 23. fxe5 Nf8 24. Bd3 Rb8 25. Rhf1 Ng6 26. Rde1 Nxh4 27. g3 Ng6
28. e6 Nf8 29. g4 fxg4 1-0